00722nam a2200229Ia 4500003000400000005001700004006001800021007000300039008004100042024000900083037001100092040001800103041001300121100001600134110008100150245011500231260000900346650001300355700002100368700002200389700008100411OSt20220930090937.0a|||||r|||| 00| 0ta220926b |||||||| |||| 00| 0 eng d a3226 cTheses aCRLcCRLbeng 2engaeng aGupta Rajat aUniversity of Delhi. Faculty of Medical Sciences. Department of Orthopaedics 0aEvaluation of arthroscopic bursectomy in the management of impingment synsrome with type 1 and type 2 acromion c2012 aMEDICINE a Maini Lalit Gu. a V. K. Gautam Gu. aUniversity of Delhi. Faculty of Medical Sciences. Department of Orthopaedics